Statystyki dla KTÓRY OWOC JEST CZĘSTO MYLONY Z WARZYWEM?

Kliknij tutaj aby rozwiązać quiz!

Ogólne statystyki

  • Ten quiz został rozwiązany 72 razy
  • Średni wynik to 3 z 5

Statystyki odpowiedzi

Odpowiedź% Poprawnych
POMIDOR
100%
OGÓREK
68%
DYNIA
41%
PAPRYKA
31%
CUKINIA
20%

Rozkład punktacji

Percentyl według liczby udzielonych odpowiedzi

Procent ludzi z każdym wynikiem

Twoja historia wyników

Nie rozwiązałeś tego quizu